ბათუმის შოთა რუსთაველის სახელმწიფო უნივერსიტეტის ბიბლიოთეკა

კვიპროსის საკითხი აღმოსავლურ პოლიტიკაში XX საუკუნის 60-80-იან წლებში / (ბიბ.ჩანაწერი № 56221)

000 -ლიდერი
ფიქსირებული სიგრძის საკონტროლო ველი 01630nam a2200301Ia 4500
001 - საკონტროლო ნომერი
საკონტროლო ველი 23322
003 - საკონტროლო ნომრის იდენტიფიკატორი
საკონტროლო ველი GE_BSU
005 - ბოლო ოპერაციის თარიღი და დრო
საკონტროლო ველი 20251218205026.0
008 - ფიქსირებული სიგრძის მონაცემთა ელემენტები - ზოგადი ინფორმაცია
ფიქსირებული სიგრძის საკონტროლო ველი 181216s2000||||ge |||||||||||||| ||geo||
020 ## - წიგნის საერთაშორისო სტანდარტული ნომერი
International Standard Book Number 99928-48-65-0
040 ## - კატალოგიზაციის წყარო
Transcribing agency GE_BSU
041 ## - ენის კოდი
Language code of text/sound track or separate title geo
080 ## - უნივერსალური ათობითი კლასიფიკაციის ინდექსი
Universal Decimal Classification number 327(564.3) + 323(564.3) მ-19
100 ## - მთავარი ჩანაწერი - პიროვნების სახელი
Personal name მაკარაძე, ემზარ
9 (RLIN) 26561
245 ## - ცნობა სათაურის შესახებ
Title კვიპროსის საკითხი აღმოსავლურ პოლიტიკაში XX საუკუნის 60-80-იან წლებში /
Statement of responsibility, etc მადონა გოგიტიძე ; რედ.: ალ. მენთეშაშვილი.
264 ## - წარმოების, გამოცემის, დისტრიბუციის და სხვა ცნობები
გამოცემის, წარმოების, დისტრიბუციის... ადგილი თბილისი :
გამოცემის, წარმოების, დისტრიბუციის... სახელწოდება ბათუმის უნივერსიტეტი,
გამოცემის, წარმოების, დისტრიბუციის... თარიღი 2000.
300 ## - ფიზიკური აღწერა
Extent 108 გვ. ;
Dimensions 20 სმ.
504 ## - BIBLIOGRAPHY, ETC. NOTE
Bibliography, etc ბიბლიოგრ.: გვ. 103-106
520 ## - SUMMARY, ETC.
Summary, etc რეზ. რუს. და ინგლ. ენ..
653 ## - INDEX TERM--UNCONTROLLED
Uncontrolled term ახლოაღმოსავლური პოლიტიკა
653 ## - INDEX TERM--UNCONTROLLED
Uncontrolled term კვიპროსის საერთაშორისო მდგომარეობა
653 ## - INDEX TERM--UNCONTROLLED
Uncontrolled term კვიპროსის ისტორია
653 ## - INDEX TERM--UNCONTROLLED
Uncontrolled term კვიპროსის საკითხი აღმოსავლურ პოლიტიკაში XX საუკუნის 60-80-იან წლებში
700 ## - ADDED ENTRY--PERSONAL NAME
Personal name მენთეშაშვილი, ალ.
Relator term რედექტორი
9 (RLIN) 10208
700 ## - ADDED ENTRY--PERSONAL NAME
Personal name გოგიტიძე, მადონა
Relator term ავტორი
9 (RLIN) 26562
942 ## - ADDED ENTRY ELEMENTS (KOHA)
Koha item type წიგნი
Source of classification or shelving scheme
ეგზემპლარები
ჩამოწერის სტატუსი დაკარგული ეგზემპლარის სტატუსი კლასიფიკაციის წყარო ან თაროზე გაწყობის სქემა დაზიანების სტატუსი არ გაიცემა მუდმივი მდებარეობა (დაცვის ადგილი) ამჟამინდელი ადგილსამყოფელი თაროზე განთავსების ადგილი შეძენის თარიღი ღირებულება, შესყიდვის ნორმალური ფასი სრული შენახვის შიფრი შტრიხკოდი ბოლო ოპერაციის თარიღი ეგზემპლარის მიმდევრობითი ნომერი (კეტერი?) ფასის ძალაში შესვლის თარიღი ეგზემპლარის სახეობა საჯარო შენიშვნა
          ბათუმის შოთა რუსთაველის სახელმწიფო უნივერსიტეტის მთავარი ბიბლიოთეკა ბათუმის შოთა რუსთაველის სახელმწიფო უნივერსიტეტის მთავარი ბიბლიოთეკა წიგნსაცავი 2018-12-17 10.00 327(564.3) + 323(564.3) მ-19 28317 2018-12-17 28317 2018-12-17 წიგნი 10.00 ₾.